| 000 | 00591nam a22001937a 4500 | ||
|---|---|---|---|
| 999 |
_c5648 _d5648 |
||
| 003 | AR-CdUCM | ||
| 008 | 190313b ||||| |||| 00| 0 spa d | ||
| 040 |
_aMUNICIPALIDAD PROVINCIAL DEL CUSCO _cBIBLIOTECA MUNICIPAL DEL CUSCO |
||
| 082 |
_a869.56 / _bS19 |
||
| 100 |
_aSanchez Rivera, Florencio _916865 |
||
| 245 | _aNuestras voces / | ||
| 260 |
_aHuancayo : _bUniversidad Nacional del centro del Perú, _c1977. |
||
| 300 |
_a24 paginas ; _c27 cm. |
||
| 500 | _aDonación familia Nieto | ||
| 505 | _aContenido :Poemas / | ||
| 650 |
_aPoemas _9929 |
||
| 942 |
_2ddc _cLIBROS |
||
| 945 | _arjall | ||